Guess the Actor #2 - Statistics

General Stats
  • This quiz has been taken 87 times
  • The average score is 8 of 20
Answer Stats
Picture Answer % Correct
Johnny Depp
94%
Sylvester Stallone
73%
Samuel L. Jackson
72%
Denzel Washington
63%
Ben Affleck
62%
Christian Bale
62%
Al Pacino
52%
Tom Hardy
49%
Mel Gibson
48%
James Dean
41%
Donald Glover
38%
Tim Allen
33%
Armie Hammer
19%
Bob Hope
19%
James Stewart
19%
Daniel Kaluuya
16%
Greg Kinnear
11%
Jim Caviezel
6%
Alan Ruck
5%
Mark Rylance
4%
No matching quizzes found
Score Distribution
Percent of People with Each Score
Percentile by Number Answered
Your Score History
You have not taken this quiz